| LEADER 00000nam 2200000uu 4500 |
| 001 45471 |
| 003 ULIBM |
| 008 120809s2005||||th 000 0 tha d |
| 020 ^a9812611703
|
| 082 0 ^a640.46^bS-M
|
| 100 1 ^aSampang, Crisanta
|
| 245 10 ^aMaid in Singapore :^bthe serious, quirky, and sometimes absurd life of a domestic worker/^cCrisanta Sampang
|
| 260 ^aSingapore :^bTimes Editions Marshall Cavendish,^c2005
|
| 300 ^a144 p. :^bcol. ill. ;^c23 cm. 450 บาท
|
| 600 10 ^aSampang, Crisanta.
|
| 650 0 ^aWomen household employees^zSingapore^vBiography.
|
| 650 0 ^aForeign workers, Philippine^zSingapore^vBiography.
|
| 955 ^awj23 2006-07-06 to wj13^cwj13 2006-07-21 to wj06; wj06 2006-08-28 to
|
| 999 ^aกัลยา เตชะ
|